Sacred poems /

Bibliographic Details
Main Author: Willis, Nathaniel Parker, 1806-1867
Format: Microform Book
Language:English
Published: New York : Clark & Austin, 1847
Subjects:

MARC

Tag First Indicator Second Indicator Subfields
LEADER 00000cam a2200000 a 4500
001 in00001365430
005 20151006073223.0
007 hd afu---baca
008 850420t18471844nyu a 000 0 eng d
035 |a (OCoLC)11944249 
035 |9 AHH6975AM 
040 |a VTU  |c IBS  |d POF  |d UtOrBLW 
049 |a TXAI 
090 |a PS586  |b .A450 pt. 2, no. 2602, etc. 
099 |a film  |a B  |a 3870  |a Segment II, no. 2602, 2603 and 2604) 
100 1 |a Willis, Nathaniel Parker,  |d 1806-1867. 
245 1 0 |a Sacred poems /  |c by N.P. Willis. 
264 1 |a New York :  |b Clark & Austin,  |c 1847 
264 4 |c ©1844 
300 |a 126 pages ;  |c 11 cm. 
336 |a text  |b txt  |2 rdacontent 
337 |a microform  |b h  |2 rdamedia 
338 |a microfilm reel  |b hd  |2 rdacarrier 
500 |a No. 2603 is a 1848 reprint and number 2604 is a 1850 reprint of the 1844 edition. 
533 |a Microfilm.  |b New Haven, Conn. :  |c Research Publications,  |d 1975.  |e 1 microfilm reel ; 35 mm.  |f (American Poetry, 1609-1900 ; Segment II, no. 2602, 2603 and 2604) 
539 |a s  |b 1975  |d ctu  |e n 
500 |a Microform. 
630 0 0 |a Bible  |x History of Biblical events  |v Poetry. 
999 |a MARS 
999 f f |s 5f0864ee-0f9d-369a-b8ab-974523539db4  |i 868081f2-acb6-3667-8f8c-a7c772262e4f  |t 0 
952 f f |p default  |a Texas A&M University  |b College Station  |c Sterling C. Evans Library  |d Evans: Microforms (3rd floor)  |t 0  |e film B 3870 Segment II, no. 2602  |h Other scheme  |i microform -- microfilm reel 
952 f f |p default  |a Texas A&M University  |b College Station  |c Sterling C. Evans Library  |d Evans: Microforms (3rd floor)  |t 0  |e film B 3870 Segment II, no. 2604  |h Other scheme  |i microform -- microfilm reel 
952 f f |p default  |a Texas A&M University  |b College Station  |c Sterling C. Evans Library  |d Evans: Microforms (3rd floor)  |t 0  |e film B 3870 Segment II, no. 2603  |h Other scheme  |i microform -- microfilm reel 
998 f f |a film B 3870 Segment II, no. 2602  |t 0  |l Evans: Microforms (3rd floor) 
998 f f |a film B 3870 Segment II, no. 2603  |t 0  |l Evans: Microforms (3rd floor) 
998 f f |a film B 3870 Segment II, no. 2604  |t 0  |l Evans: Microforms (3rd floor)